000 00799nam a2200265Ia 4500
003 OSt
005 20221007111932.0
006 a|||||r|||| 00| 0
007 ta
008 221006b |||||||| |||| 00| 0 eng d
020 _a9780199565931
024 _a24,578
037 _cTextual
040 _aLCO
_cLCO
_beng
041 _2eng
_aeng
082 _aZ1,2180gX:5, P9
100 _aFreestone David Ed.
_9708644
245 0 _aLegal Aspects of Carbon Trading
_b Kyoto, Copenhagen, and Beyond
260 _aNew
_bYork Oxford University Press India
_c2009
300 _a657
650 _aCARBON TRADING
_9708645
700 _a Streck Charlotte Ed.
_9708646
942 _hZ1,2180gX:5, P9
_cTEXL
999 _c1194141
_d1194141